هذه مفاوضات المؤتمر المنعقد بالأستانة في المسألة الشرقية سنة 1293 و1294
محفوظ في:
المؤلف الرئيسي:
التنسيق: كتاب
اللغة: Undetermined
منشور في:
Tunisia
Matbaeat aldawlat altuwnusiati
1874
الوسوم: إضافة وسم
لا توجد وسوم, كن أول من يضع وسما على هذه التسجيلة!
رقم الطلب: (R)N35 SHAM
| LEADER | 00624nam a2200169Ia 4500 | ||
|---|---|---|---|
| 005 | 20240404100954.0 | ||
| 008 | 240404s9999||||xx |||||||||||||| ||und|| | ||
| 999 | |c 58192 |d 58192 | ||
| 050 | 4 | |a (R)N35 SHAM | |
| 100 | 1 | |a مردخاي شملة التونسي. | |
| 245 | 1 | 0 | |a هذه مفاوضات المؤتمر المنعقد بالأستانة في المسألة الشرقية سنة 1293 و1294 |c مردخاي شملة التونسي |
| 264 | 1 | |a Tunisia |b Matbaeat aldawlat altuwnusiati |c 1874 | |
| 300 | |a 79 |c 23 | ||
| 336 | |2 rdacontent |a text |b txt | ||
| 337 | |2 rdamedia |a unmediated |b n | ||
| 338 | |2 rdacarrier |a volume |b n | ||
| 942 | |2 lcc |c BK | ||
